PREMENSTRUAL SYNDROME: SUBJECTIVE SYMPTOMATOLOGY AND COGNITIVE FUNCTIONING

Podrobná bibliografia
Hlavní autori: Venter, Erica (Autor), Spangenberg, Judora J. (Autor)
Médium: Článok
Jazyk:angličtina

MARC

LEADER 00000nab a2200000ua 4500
001 vtls010791190
003 SK-MaSNL
005 20260304011733.0
008 230222s2003 xo |||||||||||||||||eng|
035 |a (urnnbn)urn:nbn:sk:snk:ar-a02wcs 
035 |a (uuid)4d3bd253-1dc6-4ed3-b1a9-e5054728f0c2 
035 |a urn:nbn:sk:snk-ab4otd 
040 |a SNKBUCL  |b slo  |c SNKBUCL  |e AACR2 
041 0 |a eng 
044 |a xo  |c SK 
100 1 |a Venter, Erica  |4 aut  |9 1290835 
245 1 0 |a PREMENSTRUAL SYNDROME: SUBJECTIVE SYMPTOMATOLOGY AND COGNITIVE FUNCTIONING  |c Erica Venter, Judora J. Spangenberg 
700 1 |a Spangenberg, Judora J.  |4 aut  |9 912674 
773 0 |t Studia psychologica : an international journal for research and theory in psychological sciences  |g Roč. 45, č. 3 (2003), s. 237-248 
958 |a OND 
958 |a EUIPO 
958 |a article3 
999 |c 2567749  |d 2569679